000
00303nam a22001217a 4500
008
180607b xxu||||| |||| 00| 0 eng d
041
_a
eng
080
_a
043.3
100
_a
0
101
_a
MBE-BA
245
_a
Procesi i privatizimit ne Kosove: Perparesite dhe te metat
_c
Ramabaja, K
942
_2
udc
_c
BK
999
_c
46591
_d
46591